MARC

LEADER 00000nam0a2200000 4500
001 287750
005 20231102000023.0
035 |a (RuTPU)RU\TPU\book\312178 
090 |a 287750 
100 |a 20150319d1984 k y0rusy5003 ca 
101 0 |a rus 
102 |a UA 
105 |a y z 001zy 
200 1 |a Численно-аналитические методы исследования динамики и устойчивости сложных систем  |e сборник научных трудов  |f Академия наук Украинской ССР (АН УССР), Институт математики 
210 |a Киев  |c Изд-во института математики  |d 1984 
215 |a 159 с.  |c ил. 
320 |a Библиография в конце статей 
606 1 |a Динамические системы сложные  |2 stltpush  |3 (RuTPU)RU\TPU\subj\69289  |9 84212 
610 1 |a математические исследования 
610 1 |a численно-аналитические исследования 
610 1 |a численно-аналитические методы 
610 1 |a устойчивость 
610 1 |a идеальная жидкость 
610 1 |a вязкая жидкость 
610 1 |a ограниченные объемы 
610 1 |a динамика 
610 1 |a гибкие оболочки 
610 1 |a гибкие пластины 
610 1 |a теория 
610 1 |a теплопроводность 
675 |a 681.51.033  |z rus  |v 3 
712 0 2 |a Академия наук Украинской ССР (АН УССР)  |b Институт математики  |2 stltpush  |3 (RuTPU)RU\TPU\col\11281 
801 0 |a RU  |b RuMRKP  |c 19950704  |g psbo 
801 1 |a RU  |b 63413507  |c 20150319 
801 2 |a RU  |b 63413507  |c 20180228  |g RCR 
942 |c BK